=LDR 00000nam 2200000 4500 =001 INLIS000000000038288 =005 20130612143948 =008 ***********************************Ind** =035 ##$$0010-061300000038288 =041 ##$$a Ind =082 ##$$a 641.5 =090 ##$$a 641.5, Sut h =100 ##$$a Sutomo, Budi =245 ##$$a Hidanghan favorit berkuah, Oleh Budi sutomo, Santa Lersia Panggabgean =260 ##$$a 2006 $b Jakarta =300 ##$$a 49 hlm, Ilus, 20 cm =650 ##$$a Masakan - Resep =700 ##$$a Panggabean, Santa Lersia =850 ##$$a NBPNMAT